000 00848nam a22002537a 4500
005 20170124110018.0
010 _aA-725117
020 _c00.00
_a0074622862
035 _aA-725117
037 _bCen Lib/Ret
040 _aDPL
_bEN
082 _a621.3
_bNAI
100 _aNaidu, M. S.
_919046
245 _aHigh voltage engineering /
_cby M S Naidu [and] V Kamaraju
250 _a2nd ed
260 _aNew Delhi
_bTata MsGraw-Hill Publishing
_c1995
270 _bNew Delhi
_e110002
_a4/12, Asaf Ali Road
300 _axi, 372p. :
_c20cm(Hb)
_bill.
500 _aIncludes index
650 _aElectrical engineering.
_989957
650 _aHigh voltages.
_919048
700 _aKamaraju, V
_919049
942 _2ddc
_cEN
_h621.3
_mNAI
999 _c126983
_d126983